LEADER 03523nam 2200685 a 450 001 9910463951903321 005 20200520144314.0 010 $a1-283-14377-1 010 $a9786613143778 010 $a981-4280-05-4 035 $a(CKB)3360000000001323 035 $a(EBL)731161 035 $a(OCoLC)741492809 035 $a(SSID)ssj0000523434 035 $a(PQKBManifestationID)12175219 035 $a(PQKBTitleCode)TC0000523434 035 $a(PQKBWorkID)10540267 035 $a(PQKB)10811650 035 $a(MiAaPQ)EBC731161 035 $a(WSP)00007370 035 $a(Au-PeEL)EBL731161 035 $a(CaPaEBR)ebr10480292 035 $a(CaONFJC)MIL314377 035 $a(EXLCZ)993360000000001323 100 $a20110712d2011 uy 0 101 0 $aeng 135 $aur|n|---||||| 181 $ctxt 182 $cc 183 $acr 200 00$aInnovations in neonatal-perinatal medicine$b[electronic resource] $einnovative technologies and therapies that have fundamentally changed the way we deliver care for the fetus and the neonate /$feditors Oommen Mathew, Jatinder Bhatia 210 $aHackensack, N.J. $cWorld Scientific$d2011 215 $a1 online resource (350 p.) 300 $aDescription based upon print version of record. 311 $a981-4280-04-6 320 $aIncludes bibliographical references and index. 327 $aContents; Preface; List of Editors and Contributors; Chapter 1 Medical Innovations in the 20th Century and Their Impact on Neonatal-Perinatal Medicine: A Global Perspective; Chapter 2 Assisted Reproductive Technologies; Chapter 3 Advances in Fetal Diagnostics for Genomic Alterations; Chapter 4 Fetal Imaging in Detection of Congenital Heart Disease; Chapter 5 Imaging the Newborn Brain; Chapter 6 Monitoring and Intervention Therapies in Neonatal Intensive Care Units; Chapter 7 Regulation of Neonatal Environment 2010; Chapter 8 Advances in Neonatal Nutritional Care 327 $aChapter 9 Advances in Ventilatory Care of the NeonateChapter 10 Respiratory Distress Syndrome: Impact of Surfactant Therapy and Antenatal Steroid; Chapter 11 Antibiotics and Other Miracle Drugs; Chapter 12 Impact of Surgical Innovations; Index 330 $aInnovations in technology and new therapies have changed the face of medicine in the last few decades. These include advances in fetal diagnosis (preimplantation genetics, chorionic villous sampling and amniocentesis), drugs that have been developed to treat unique conditions in neonates such as respiratory distress syndrome (surfactant) and pulmonary hypertension (inhaled nitric oxide), as well as technological advances and interventions resulting in diagnostic (ultrasounds and MRI) and therapeutic interventions (intrauterine transfusion to ECMO). Research in fertility treatments have resulte 606 $aNewborn infants$xMedical care 606 $aFetus$xDiseases 606 $aNewborn infants$xDiseases 606 $aPerinatology 606 $aNeonatology 608 $aElectronic books. 615 0$aNewborn infants$xMedical care. 615 0$aFetus$xDiseases. 615 0$aNewborn infants$xDiseases. 615 0$aPerinatology. 615 0$aNeonatology. 676 $a618.32 701 $aMathew$b Oommen$01000649 701 $aBhatia$b Jatinder$01000650 801 0$bMiAaPQ 801 1$bMiAaPQ 801 2$bMiAaPQ 906 $aBOOK 912 $a9910463951903321 996 $aInnovations in neonatal-perinatal medicine$92296872 997 $aUNINA LEADER 02230nam 2200409Ia 450 001 996387675903316 005 20200824132413.0 035 $a(CKB)4940000000083932 035 $a(EEBO)2264191029 035 $a(OCoLC)ocm22333763e 035 $a(OCoLC)22333763 035 $a(EXLCZ)994940000000083932 100 $a19900905d1548 uy | 101 0 $aeng 135 $aurbn||||a|bb| 200 12$aA faythful and moste godly treatyse concernynye [sic] the most sacred sacrament of the blessed body and bloude of our Sauiour Christ$b[electronic resource] /$fcompiled by John Caluine ... ; and translated into Lattin by Lacius ... ; and now last of all, translated into Englishe by a faythfull brother, no lesse desyrous to profite the weake brothers then to exercise the talent of the Lorde to hys honoure and glorye ; wher vnto is added the order that the church and congregatio[n] of Christe in Denmarke doth vse 210 $a[S.l. $cW. Hill$d1548?] 215 $a[87] p 300 $aMiles Coverdale's translation of the Latin translation by Nicolas Des Gallars, under the title "Libellus de coena Domini", 1545, of Calvin's "Petit traicte de la Sainct cene", 1541.--Cf. NUC pre-1956 imprints. 300 $aContains special t.p.: The order that the churche and congregation of Chryst in Denmarke and in many places, cou[n]tres and cities of Germany both vse, not onelye that the holye supper of the Lorde, but also at the ministration of the blessed sacramente of baptisme and holy wedlocke / set forth by Myles Couerdale. 300 $aImprint suggested by STC (2nd ed.). 300 $aSignatures: A-E? F?. 300 $aReproduction of original in the British Library. 330 $aeebo-0018 606 $aLord's Supper 606 $aReformed Church$zDenmark 615 0$aLord's Supper. 615 0$aReformed Church 700 $aCalvin$b Jean$f1509-1564.$0154241 701 2$aCoverdale$b Miles$f1488-1568.$0821808 801 0$bEBL 801 1$bEBL 801 2$bWaOLN 906 $aBOOK 912 $a996387675903316 996 $aA faythful and moste godly treatyse concernynye the most sacred sacrament of the blessed body and bloude of our Sauiour Christ$92400517 997 $aUNISA